El alcance y la proyección de la sentencia de la Corte IDH en el caso “Asociación Civil Memoria Activa vs. Argentina” (Registro nro. 36281)

Detalles MARC
000 -LEADER
fixed length control field 00438 a2200109 4500
001 - CONTROL NUMBER
control field ART_61544
005 - DATE AND TIME OF LATEST TRANSACTION
control field 20260410162056.0
008 - FIXED-LENGTH DATA ELEMENTS--GENERAL INFORMATION
fixed length control field 260409a
100 1# - MAIN ENTRY--PERSONAL NAME
Personal name Fiumara, Franco M.
245 10 - TITLE STATEMENT
Title El alcance y la proyección de la sentencia de la Corte IDH en el caso “Asociación Civil Memoria Activa vs. Argentina”
773 0# - HOST ITEM ENTRY
Title Temas de derecho penal y procesal penal
Related parts - Año 6, N° 10/11 (oct./nov. 2024)
Record control number REV60798

No hay ítems disponibles.